Life in Mexico during a residence of two years in that country / (Record no. 38326)

MARC details
000 -LEADER
campo de control de longitud fija 00823nam a2200241 i 4500
001 - NÚMERO DE CONTROL
campo de control 38326
003 - IDENTIFICADOR DE NÚMERO DE CONTROL
campo de control ES-MaACL
005 - FECHA Y HORA DE LA ÚLTIMA TRANSACCIÓN
campo de control 20230906155734.0
007 - CAMPO FIJO DE DESCRIPCIÓN FÍSICA--INFORMACIÓN GENERAL
campo de control de longitud fija t|
008 - DATOS DE LONGITUD FIJA--INFORMACIÓN GENERAL
campo de control de longitud fija 030225q1882 xxk ||||1| eng d
080 ## - NÚMERO DE LA CLASIFICACIÓN DECIMAL UNIVERSAL
Número de la Clasificación Decimal Universal 929 Calderón de la Barca, Madame
080 ## - NÚMERO DE LA CLASIFICACIÓN DECIMAL UNIVERSAL
Número de la Clasificación Decimal Universal 908(72)"18"
080 ## - NÚMERO DE LA CLASIFICACIÓN DECIMAL UNIVERSAL
Número de la Clasificación Decimal Universal 39(72)"18"
100 1# - ENTRADA PRINCIPAL--NOMBRE DE PERSONA
Nombre de persona Calderón de la Barca, Madame.
9 (RLIN) 33610
245 10 - MENCIÓN DEL TÍTULO
Título Life in Mexico during a residence of two years in that country /
Mención de responsabilidad, etc. by Madame Calderón de la Barca , [introduction by H. Baerlein].
260 ## - PUBLICACIÓN, DISTRIBUCIÓN, ETC.
Lugar de publicación, distribución, etc. London :
Nombre del editor, distribuidor, etc. Richard Clay and Sons,
Fecha de publicación, distribución, etc. [1882?]
300 ## - DESCRIPCIÓN FÍSICA
Extensión XXXVIII, 542 p. ;
Dimensiones 18 cm.
600 14 - PUNTO DE ACCESO ADICIONAL DE MATERIA--NOMBRE DE PERSONA
Nombre de persona Calderón de la Barca, Madame.
9 (RLIN) 33610
651 #4 - PUNTO DE ACCESO ADICIONAL DE MATERIA--NOMBRE GEOGRÁFICO
Nombre geográfico México-
Subdivisión general Descripción.
9 (RLIN) 9061
651 #4 - PUNTO DE ACCESO ADICIONAL DE MATERIA--NOMBRE GEOGRÁFICO
Nombre geográfico México-
Subdivisión general Usos y costumbres.
9 (RLIN) 137275
700 1# - ENTRADA AGREGADA--NOMBRE PERSONAL
Nombre de persona Baerlein, H.
9 (RLIN) 24600
852 4# - LOCALIZACIÓN
Ubicación ES-MaACL
Número de control de estantería G-14665
Holdings
Estatus retirado Estado de pérdida Estado de daño No para préstamo Colección Biblioteca de origen Biblioteca actual Ubicación en estantería Fecha de adquisición Fuente de adquisición Total de préstamos Signatura topográfica completa Código de barras Visto por última vez Precio de reemplazo Tipo de ítem Koha
        Libros del s. XIX Biblioteca del Ateneo de Madrid Biblioteca del Ateneo de Madrid Sala Pecera Planta 3 17/01/2008     G-14665 1040352 23/02/2023 23/02/2023 Libro impreso antiguo